[Event "World Rapid 2019"]
[Site "Moscow RUS"]
[Date "2019.12.26"]
[Round "1.56"]
[White "Batchuluun, Tsegmed"]
[Black "Bocharov, Dmitry"]
[Result "0-1"]
[WhiteTitle "GM"]
[BlackTitle "GM"]
[WhiteElo "2530"]
[BlackElo "2524"]
[WhiteFideId "4900847"]
[BlackFideId "4138716"]
[EventDate "2019.12.26"]
[EventType "rapid"]

1. d4 d6 2. e4 Nf6 3. Nc3 g6 4. Nf3 Bg7 5. Be2 O-O 6. O-O a6 7. a4 Nc6 8. d5 Nb8
9. h3 b6 10. Bg5 Bb7 11. Re1 c6 12. Qd2 Nbd7 13. Bc4 Re8 14. Rad1 cxd5 15. exd5
Rc8 16. b3 Nc5 17. Bf1 Qc7 18. Re3 h6 19. Bxf6 Bxf6 20. Na2 e5 21. dxe6 Rxe6 22.
Nd4 Re4 23. Rxe4 Nxe4 24. Qe3 Qc5 25. c4 d5 26. Nc2 d4 27. Qd3 Qc7 28. Ncb4 Qf4
29. Qf3 Qxf3 30. gxf3 Ng5 31. Bg2 Nxf3+ 32. Kh1 Rc7 33. Nc1 a5 34. Nbd3 Ng5 35.
Bxb7 Rxb7 36. Kg2 Ne6 37. Ne2 Nc5 38. Nec1 Kg7 39. Re1 Ne6 40. Ne2 h5 41. Nec1
Bg5 42. Ne2 Nc5 43. Nxc5 bxc5 44. f4 Bh4 45. Rb1 Re7 46. Rb2 Re3 47. Nc1 Rg3+
48. Kh2 Rc3 49. Ne2 Rf3 50. Kg1 Rf2 51. Ra2 d3 52. Nc3 Rc2 53. Rxc2 dxc2 54. Ne2
Bf6 0-1

[Event "World Rapid 2019"]
[Site "Moscow RUS"]
[Date "2019.12.26"]
[Round "1.57"]
[White "Predke, Alexandr"]
[Black "Yanchenko, Roman"]
[Result "1-0"]
[WhiteTitle "GM"]
[BlackTitle "FM"]
[WhiteElo "2676"]
[BlackElo "2463"]
[WhiteFideId "24107581"]
[BlackFideId "4137329"]
[EventDate "2019.12.26"]
[EventType "rapid"]

1. e4 e6 2. d4 d5 3. Nc3 Bb4 4. e5 Ne7 5. Bd2 b6 6. h4 Ba6 7. Bxa6 Nxa6 8. h5 h6
9. Nce2 Bxd2+ 10. Qxd2 c5 11. c3 Rc8 12. Nf3 Qd7 13. O-O Nb8 14. b4 O-O 15. a4
Nbc6 16. Rfc1 f6 17. exf6 Rxf6 18. Ng3 Qd6 19. dxc5 bxc5 20. Ne4 Qf4 21. Nxf6+
Qxf6 22. Qe3 e5 23. b5 Na5 24. Qxe5 Qxe5 25. Nxe5 Nb3 26. c4 dxc4 27. Nxc4 Nxa1
28. Rxa1 Nd5 29. a5 Rb8 30. Rd1 Nc3 31. Rd7 Nxb5 32. a6 Re8 33. Rb7 Re4 34. Ne3
Rb4 35. Nf5 c4 36. Rb8+ Kh7 37. Ne7 g5 38. hxg6+ Kg7 39. Rg8+ 1-0

[Event "World Rapid 2019"]
[Site "Moscow RUS"]
[Date "2019.12.26"]
[Round "1.58"]
[White "Drygalov, Sergey"]
[Black "Antipov, Mikhail Al."]
[Result "0-1"]
[WhiteTitle "IM"]
[BlackTitle "GM"]
[WhiteElo "2473"]
[BlackElo "2549"]
[WhiteFideId "24171743"]
[BlackFideId "4107012"]
[EventDate "2019.12.26"]
[EventType "rapid"]

1. d4 Nf6 2. c4 g6 3. Nc3 d5 4. Nf3 Bg7 5. cxd5 Nxd5 6. e4 Nxc3 7. bxc3 c5 8.
Be3 Bg4 9. Rc1 O-O 10. d5 Bxf3 11. gxf3 Nd7 12. Qd2 f5 13. exf5 Rxf5 14. f4 Nf6
15. Bh3 Rh5 16. Be6+ Kh8 17. c4 Qd6 18. Qa5 b6 19. Qa4 Rh4 20. Qc6 Rf8 21. Qxd6
exd6 22. f5 gxf5 23. Bg5 Re4+ 24. Kf1 h6 25. f3 Rxe6 26. dxe6 hxg5 27. Rd1 Ne8
28. h4 g4 29. f4 Bh6 30. a4 Bxf4 31. a5 Rf6 32. Kg2 Be5 33. axb6 axb6 34. Rb1
Rxe6 35. Rxb6 Kg7 36. Rb7+ Kg6 37. h5+ Kh6 38. Rf7 Nf6 39. Re1 f4 0-1

[Event "World Rapid 2019"]
[Site "Moscow RUS"]
[Date "2019.12.26"]
[Round "1.59"]
[White "Demchenko, Anton"]
[Black "Xu, Xiangyu"]
[Result "1/2-1/2"]
[WhiteTitle "GM"]
[BlackTitle "GM"]
[WhiteElo "2642"]
[BlackElo "2582"]
[WhiteFideId "4160258"]
[BlackFideId "8608288"]
[EventDate "2019.12.26"]
[EventType "rapid"]

1. d4 Nf6 2. Nf3 g6 3. Bf4 Bg7 4. c3 d6 5. Nbd2 O-O 6. e4 Qe8 7. Qc2 e5 8. dxe5
Nh5 9. Be3 Bxe5 10. Nxe5 Qxe5 11. g3 Nc6 12. Bg2 Nf6 13. h3 d5 14. Bf4 Qe7 15.
Bg5 Qe6 16. Bxf6 Qxf6 17. exd5 Re8+ 18. Ne4 Bf5 19. O-O Bxe4 20. Bxe4 Ne5 21.
Rad1 Re7 22. Rd4 Rae8 23. f4 Nd7 24. d6 cxd6 25. Bxb7 Re3 26. Bf3 Qe6 27. Kg2
Nf6 28. a3 h5 29. Qd2 d5 30. Rd3 Rxd3 31. Qxd3 Qb6 32. Rf2 Re3 33. Qd1 Ne4 34.
Re2 Rxe2+ 35. Qxe2 f5 36. h4 Kg7 37. Kh2 a5 38. Bg2 a4 39. Bf3 Kh7 40. Kg2 Kg7
41. Kh2 Kh7 42. Kg2 Kg7 43. Kh2 1/2-1/2

[Event "World Rapid 2019"]
[Site "Moscow RUS"]
[Date "2019.12.26"]
[Round "1.60"]
[White "Sek, Konstantin"]
[Black "Vallejo Pons, Francisco"]
[Result "0-1"]
[BlackTitle "GM"]
[WhiteElo "2446"]
[BlackElo "2704"]
[WhiteFideId "24104302"]
[BlackFideId "2205530"]
[EventDate "2019.12.26"]
[EventType "rapid"]

1. e4 e6 2. d4 d5 3. Nd2 c5 4. Ngf3 cxd4 5. Nxd4 Nc6 6. Bb5 Bd7 7. Nxc6 bxc6 8.
Bd3 Bd6 9. c4 Nf6 10. O-O Qc7 11. h3 O-O 12. Qe2 Rae8 13. c5 Bh2+ 14. Kh1 Bf4
15. Nf3 dxe4 16. Bxe4 e5 17. Bc2 e4 18. Bxf4 Qxf4 19. Qd2 Qf5 20. b4 Qd5 21. Bb3
Qh5 22. Ng1 Be6 23. Rfe1 h6 24. Qd6 Bxb3 25. axb3 Re6 26. Qd4 Rb8 27. Ne2 Nd5
28. Ng3 Qg6 29. Ra4 e3 30. Kh2 Qc2 31. f4 Qd2 32. Qxd2 exd2 33. Rd1 Nc3 34. Rxd2
Nxa4 35. bxa4 Rxb4 36. Rd8+ Kh7 37. Rd7 Rxf4 38. Rxa7 Re5 39. a5 Rxc5 40. a6 Ra5
41. Ne2 Rc4 42. Ra8 Rca4 0-1

[Event "World Rapid 2019"]
[Site "Moscow RUS"]
[Date "2019.12.26"]
[Round "1.61"]
[White "Golubov, Saveliy"]
[Black "Vishnu Prasanna, V"]
[Result "0-1"]
[WhiteTitle "IM"]
[BlackTitle "GM"]
[WhiteElo "2469"]
[BlackElo "2493"]
[WhiteFideId "24176729"]
[BlackFideId "5030692"]
[EventDate "2019.12.26"]
[EventType "rapid"]

1. d4 Nf6 2. Nf3 g6 3. Bg5 Bg7 4. Nbd2 O-O 5. c3 d5 6. e3 c5 7. Be2 Qb6 8. Qb3
Nc6 9. O-O Re8 10. Bf4 cxd4 11. exd4 Bf5 12. h3 Ne4 13. Qxb6 axb6 14. Bc7 Nxd2
15. Nxd2 e5 16. dxe5 Bxe5 17. Bxe5 Rxe5 18. Bf3 d4 19. Nc4 Rc5 20. Nxb6 Ra6 21.
Nd5 dxc3 22. Nxc3 b5 23. Rfd1 b4 24. Nd5 Kg7 25. g4 Bc2 26. Rdc1 Nd4 27. Nxb4
Nxf3+ 28. Kg2 Nh4+ 29. Kg3 Rf6 30. f4 Rc4 31. Nxc2 Rcxf4 32. Kxh4 Rf3 33. Nd4
g5+ 34. Kxg5 Rg6+ 35. Kh4 Rh6+ 0-1

[Event "World Rapid 2019"]
[Site "Moscow RUS"]
[Date "2019.12.26"]
[Round "1.62"]
[White "Gutenev, Alexander"]
[Black "Andriasian, Zaven"]
[Result "0-1"]
[WhiteTitle "IM"]
[BlackTitle "GM"]
[WhiteElo "2469"]
[BlackElo "2611"]
[WhiteFideId "4195540"]
[BlackFideId "13302000"]
[EventDate "2019.12.26"]
[EventType "rapid"]

1. e4 d6 2. d4 Nf6 3. Nc3 g6 4. Nf3 Bg7 5. Be2 O-O 6. O-O c6 7. a4 Qc7 8. h3 e5
9. Re1 Nbd7 10. dxe5 dxe5 11. Qd3 Nc5 12. Qc4 b6 13. Bf1 a5 14. Qa2 h6 15. Bc4
Nh5 16. Be3 Qe7 17. Rad1 Rb8 18. Rd2 Ne6 19. Red1 Kh7 20. Qa3 Qxa3 21. bxa3 c5
22. Bxe6 Bxe6 23. Rd6 Rb7 24. Rb1 Rfb8 25. Nd5 Bxd5 26. exd5 f5 27. g4 fxg4 28.
hxg4 Nf6 29. g5 Ne4 30. Re6 Nc3 31. Rb3 Nxd5 32. gxh6 Bxh6 33. Bxh6 Kxh6 34.
Nxe5 Nf4 35. Rf6 Kg5 36. Rd6 Re8 37. Re3 Rbe7 38. Nc4 Re4 39. Rxb6 Kh4 40. Rb7
Rxc4 41. Rxe8 Rxc2 42. Re4 g5 43. Rb3 c4 44. Rf3 Kg4 45. Rg3+ Kf5 46. Rge3 Nh3+
47. Kg2 Nxf2 48. Rxc4 Ng4+ 49. Kf3 Rxc4 0-1

[Event "World Rapid 2019"]
[Site "Moscow RUS"]
[Date "2019.12.26"]
[Round "1.63"]
[White "Melkumyan, Hrant"]
[Black "Mesropov, Konstantin"]
[Result "1-0"]
[WhiteTitle "GM"]
[BlackTitle "IM"]
[WhiteElo "2668"]
[BlackElo "2422"]
[WhiteFideId "13302485"]
[BlackFideId "4116887"]
[EventDate "2019.12.26"]
[EventType "rapid"]

1. e4 e6 2. d4 d5 3. Nc3 h6 4. Nf3 Nf6 5. Bd3 Bb4 6. exd5 exd5 7. O-O O-O 8. Ne2
Nc6 9. Ng3 Re8 10. c3 Bf8 11. Re1 Rxe1+ 12. Qxe1 Be6 13. Bf4 Bd6 14. Qd2 Bxf4
15. Qxf4 Qd6 16. Qxd6 cxd6 17. Nd2 Rb8 18. a4 Kf8 19. a5 Ke7 20. f3 Kd8 21. Kf2
Kc7 22. Ngf1 g5 23. Ne3 Rg8 24. b4 Ne7 25. Rh1 Kd7 26. g3 Rc8 27. Rc1 Ke8 28.
Ke2 Kf8 29. Kd1 Nh5 30. Kc2 f5 31. Re1 Kf7 32. Ng2 f4 33. g4 Nf6 34. h4 Bd7 35.
Kb2 a6 36. Rh1 Re8 37. Nb1 Kg7 38. Na3 Ra8 39. Kc2 Nc6 40. hxg5 hxg5 41. Nxf4
gxf4 42. g5 Rg8 43. Rh6 Nxb4+ 44. cxb4 Ba4+ 45. Kd2 Nd7 46. Rxd6 Bc6 47. b5 axb5
48. a6 Nb8 49. a7 Na6 50. Rg6+ 1-0

[Event "World Rapid 2019"]
[Site "Moscow RUS"]
[Date "2019.12.26"]
[Round "1.64"]
[White "Pogosyan, Stefan"]
[Black "Vitiugov, Nikita"]
[Result "0-1"]
[WhiteTitle "IM"]
[BlackTitle "GM"]
[WhiteElo "2459"]
[BlackElo "2747"]
[WhiteFideId "34159867"]
[BlackFideId "4152956"]
[EventDate "2019.12.26"]
[EventType "rapid"]

1. d4 Nf6 2. c4 e6 3. Nf3 Bb4+ 4. Bd2 Bxd2+ 5. Nbxd2 d6 6. e3 Qe7 7. Bd3 e5 8.
Qc2 O-O 9. O-O Nbd7 10. b4 Re8 11. Bf5 g6 12. Bxd7 Bxd7 13. d5 a5 14. a3 e4 15.
Nd4 Qe5 16. Rfd1 Qg5 17. Nf1 Bg4 18. Rdb1 axb4 19. axb4 h5 20. Kh1 Bd7 21. Qb2
Ng4 22. h3 Ne5 23. Rxa8 Rxa8 24. Ng3 Nxc4 25. Qc3 Qxd5 26. Nge2 b5 27. Ra1 Rxa1+
28. Qxa1 c5 29. Nf4 Qe5 30. bxc5 dxc5 31. Qa8+ Kg7 32. Nb3 Be6 33. Nxe6+ Qxe6
34. Nxc5 Qe5 35. Nxe4 b4 36. Qb7 b3 37. f4 Qa1+ 38. Kh2 b2 39. Nc3 Nxe3 40. Qb6
Nf1+ 41. Kg1 Ng3+ 42. Kh2 h4 43. Qd4+ Kh7 0-1

[Event "World Rapid 2019"]
[Site "Moscow RUS"]
[Date "2019.12.26"]
[Round "1.65"]
[White "Alonso Rosell, Alvar"]
[Black "Ismagambetov, Anuar"]
[Result "1/2-1/2"]
[WhiteTitle "GM"]
[BlackTitle "GM"]
[WhiteElo "2548"]
[BlackElo "2528"]
[WhiteFideId "2270544"]
[BlackFideId "13701525"]
[EventDate "2019.12.26"]
[EventType "rapid"]

1. d4 Nf6 2. Nf3 g6 3. c4 Bg7 4. Nc3 O-O 5. e4 d6 6. h3 c5 7. d5 e5 8. Bg5 a6 9.
Nd2 Qe8 10. Be2 Nbd7 11. g4 Kh8 12. h4 Ng8 13. h5 f5 14. gxf5 gxf5 15. exf5 Bh6
16. Nde4 Bxg5 17. Nxg5 Rxf5 18. Ne6 Qe7 19. Qc2 Rf7 20. Ne4 Nf8 21. N4g5 Rf6 22.
Ne4 Rf7 23. N4g5 Rf6 24. Ne4 1/2-1/2

[Event "World Rapid 2019"]
[Site "Moscow RUS"]
[Date "2019.12.26"]
[Round "1.66"]
[White "Abdusattorov, Nodirbek"]
[Black "Najer, Evgeniy"]
[Result "1/2-1/2"]
[WhiteTitle "GM"]
[BlackTitle "GM"]
[WhiteElo "2635"]
[BlackElo "2661"]
[WhiteFideId "14204118"]
[BlackFideId "4118987"]
[EventDate "2019.12.26"]
[EventType "rapid"]

1. e4 e5 2. Nf3 Nc6 3. Bb5 a6 4. Ba4 Nf6 5. O-O b5 6. Bb3 Bc5 7. c3 d6 8. a4 Rb8
9. d4 Bb6 10. a5 Ba7 11. Be3 Bg4 12. dxe5 Bxf3 13. Qxf3 Nxe5 14. Qe2 Bxe3 15.
Qxe3 O-O 16. Nd2 Re8 17. Rfd1 c5 18. Bc2 Qc7 19. Qg3 h6 20. Nf1 b4 21. Ne3 bxc3
22. bxc3 Rb2 23. Re1 Ng6 24. Rad1 Re6 25. h4 h5 26. f4 Nxe4 27. Bxe4 Rxe4 28.
Nd5 Rxe1+ 29. Rxe1 Qd7 30. Qg5 Qg4 31. Qxg4 hxg4 32. g3 Rd2 33. c4 Nf8 34. Re8
f5 35. Ra8 Kf7 36. Ra7+ Kg6 37. Rxa6 Ne6 38. Rxd6 Kf7 39. Rd7+ Kf8 40. Kf1 Nd4
41. Nc7 Rd1+ 42. Kf2 Rd2+ 43. Ke3 Rg2 44. a6 Rxg3+ 45. Kf2 Ra3 46. a7 Ra2+ 47.
Kf1 Ra1+ 48. Kf2 Ra2+ 49. Ke1 Ra1+ 50. Kf2 Ra2+ 51. Ke3 Ra3+ 52. Kf2 Ra2+ 53.
Ke1 Ra1+ 54. Kf2 Ra2+ 55. Ke1 Ra1+ 56. Kf2 Ra2+ 57. Kf1 Ra1+ 58. Kf2 Ra2+ 1/2-1/2

[Event "World Rapid 2019"]
[Site "Moscow RUS"]
[Date "2019.12.26"]
[Round "1.67"]
[White "Sarana, Alexey"]
[Black "Harsha, Bharathakoti"]
[Result "1-0"]
[WhiteTitle "GM"]
[BlackTitle "GM"]
[WhiteElo "2663"]
[BlackElo "2523"]
[WhiteFideId "24133795"]
[BlackFideId "5078776"]
[EventDate "2019.12.26"]
[EventType "rapid"]

1. e4 c5 2. Nf3 d6 3. d4 cxd4 4. Nxd4 Nf6 5. Nc3 Nc6 6. Bg5 e6 7. Qd3 Bd7 8.
O-O-O a6 9. f4 h6 10. Bh4 Be7 11. Nf3 Rc8 12. Kb1 Qa5 13. Bxf6 gxf6 14. Nd4 Nxd4
15. Qxd4 Qc5 16. Qxc5 Rxc5 17. Be2 Bc6 18. Bf3 f5 19. Rhe1 b5 20. a3 Rg8 21. Rd3
fxe4 22. Nxe4 Bxe4 23. Bxe4 Kd7 24. c3 a5 25. g3 d5 26. f5 Kd6 27. Bg2 Bg5 28.
Bh3 e5 29. Bg2 b4 30. Red1 bxc3 31. Rxd5+ Rxd5 32. Rxd5+ Ke7 33. bxc3 Kf6 34.
Be4 Be3 35. Kc2 Bg1 36. Rd6+ Kg5 37. h3 Bf2 38. Rd3 Kf6 39. g4 Rc8 40. Kb3 Kg5
41. Rf3 Bc5 42. f6 Kh4 43. Bd5 Rc7 44. Ka4 Ra7 45. c4 Bd6 46. Kb5 Rc7 47. Kxa5
e4 48. Re3 Kg5 49. a4 Kxf6 50. Rxe4 Bc5 51. Rf4+ Kg6 52. Kb5 Be3 53. Rf3 Bd4 54.
a5 f6 55. a6 Rc5+ 56. Kb4 Rc7 57. Bb7 Kg5 58. Rf5+ Kg6 59. c5 1-0

[Event "World Rapid 2019"]
[Site "Moscow RUS"]
[Date "2019.12.26"]
[Round "1.71"]
[White "Amin, Bassem"]
[Black "Yagupov, Igor"]
[Result "1-0"]
[WhiteTitle "GM"]
[BlackTitle "GM"]
[WhiteElo "2683"]
[BlackElo "2357"]
[WhiteFideId "10601457"]
[BlackFideId "4113632"]
[EventDate "2019.12.26"]
[EventType "rapid"]

1. e4 c5 2. Nf3 Nc6 3. g3 g6 4. Bg2 Bg7 5. O-O d6 6. d3 Rb8 7. c3 e5 8. a3 Nge7
9. b4 b5 10. Be3 cxb4 11. axb4 a5 12. bxa5 Nxa5 13. Na3 O-O 14. d4 Qc7 15. Qe2
Bd7 16. Rfb1 Nc4 17. Nxc4 bxc4 18. Rxb8 Rxb8 19. d5 f5 20. Nd2 f4 21. gxf4 exf4
22. Bxf4 Bxc3 23. Rc1 Be5 24. Bxe5 dxe5 25. Nxc4 Bb5 26. Bf1 Bxc4 27. Rxc4 Qd6
28. Ra4 Kg7 29. Ra7 Rb6 30. Qe3 Rb1 31. Qg5 Kf7 32. Qh6 Qf6 33. Qxh7+ Ke8 34.
Ra8+ Kd7 35. Qh3+ Kc7 36. Qd3 Qg5+ 37. Kh1 Qc1 38. d6+ Kb7 39. Qa6# 1-0

[Event "World Rapid 2019"]
[Site "Moscow RUS"]
[Date "2019.12.26"]
[Round "1.72"]
[White "Dragnev, Valentin"]
[Black "Adhiban, Baskaran"]
[Result "1-0"]
[WhiteTitle "GM"]
[BlackTitle "GM"]
[WhiteElo "2553"]
[BlackElo "2654"]
[WhiteFideId "1634852"]
[BlackFideId "5018471"]
[EventDate "2019.12.26"]
[EventType "rapid"]

1. d4 Nf6 2. c4 g6 3. Nc3 Bg7 4. e4 d6 5. Be2 O-O 6. Nf3 e5 7. O-O Nc6 8. d5 Ne7
9. Bg5 Nd7 10. Qc2 h6 11. Be3 f5 12. exf5 gxf5 13. Nh4 f4 14. Bd2 Nc5 15. b4 Nf5
16. Nf3 Nd7 17. Ne4 Nd4 18. Nxd4 exd4 19. f3 Ne5 20. Rae1 Qh4 21. Rf2 Bf5 22.
Bd3 Rae8 23. Rfe2 Kh8 24. Nf2 Nxd3 25. Nxd3 Re3 26. Bxe3 fxe3 27. Qd1 Bh7 28.
Rf1 Bf6 29. g3 Rg8 30. Rg2 Qh5 31. Nf4 Qf5 32. Qe2 Bg5 33. Rd1 Bxf4 34. gxf4
Qxf4 35. Qb2 e2 36. Rxg8+ Kxg8 37. Qxe2 Bf5 38. Qf2 Kf7 39. Rxd4 Qc1+ 40. Kg2
Qg5+ 41. Qg3 Qe3 42. Qf2 Qg5+ 43. Qg3 Qe3 44. Qh4 Qc3 45. Qf4 Kg6 46. Qd2 Qa1
47. c5 h5 48. h4 Kf7 49. cxd6 cxd6 50. Qf4 Kg7 51. Qg5+ Bg6 52. Qe7+ Kh6 53.
Qe3+ Kh7 54. Rc4 Qb2+ 55. Kg3 Qa1 56. Rc7+ Kg8 57. Qe6+ Kf8 58. Qe7+ Kg8 59.
Qd8+ 1-0

[Event "World Rapid 2019"]
[Site "Moscow RUS"]
[Date "2019.12.26"]
[Round "1.73"]
[White "Popov, Ivan RUS"]
[Black "Santos Ruiz, Miguel"]
[Result "1-0"]
[WhiteTitle "GM"]
[BlackTitle "GM"]
[WhiteElo "2636"]
[BlackElo "2585"]
[WhiteFideId "4170350"]
[BlackFideId "22291482"]
[EventDate "2019.12.26"]
[EventType "rapid"]

1. e4 e5 2. Nf3 Nc6 3. Bc4 Nf6 4. d3 Bc5 5. Nc3 h6 6. h3 a6 7. Nd5 d6 8. a3 Nxd5
9. Bxd5 Qf6 10. O-O g5 11. Bxc6+ bxc6 12. d4 exd4 13. e5 dxe5 14. Nxe5 Be6 15.
f4 gxf4 16. Bxf4 Qh4 17. Nd3 Bb6 18. Qf3 O-O-O 19. Be5 Rhg8 20. Bf6 Rg5 21. Bxd8
Kxd8 22. Nf4 Bc4 23. Qxc6 Bxf1 24. Rxf1 d3+ 25. Kh1 d2 26. Ne6+ Kc8 27. Qe8+ Kb7
28. Nd8+ Kc8 29. Nxf7+ Kb7 30. Nd8+ Kc8 31. Qe6+ Kb8 32. Qc6 Kc8 33. Qa8+ Kd7
34. Rf7+ Kd6 35. Qc6+ Ke5 36. Qe6+ Kd4 37. Rd7+ Kc5 38. Qc6# 1-0

[Event "World Rapid 2019"]
[Site "Moscow RUS"]
[Date "2019.12.26"]
[Round "1.74"]
[White "Petrosyan, Manuel"]
[Black "Grachev, Boris"]
[Result "1/2-1/2"]
[WhiteTitle "GM"]
[BlackTitle "GM"]
[WhiteElo "2613"]
[BlackElo "2614"]
[WhiteFideId "13300857"]
[BlackFideId "4129199"]
[EventDate "2019.12.26"]
[EventType "rapid"]

1. c4 e6 2. Nc3 d5 3. d4 a6 4. cxd5 exd5 5. Nf3 Nf6 6. Bg5 Be6 7. Bxf6 Qxf6 8.
Qb3 Ra7 9. e3 Bd6 10. Be2 Nd7 11. O-O c6 12. Rac1 O-O 13. Na4 Qh6 14. Rfe1 Bg4
15. g3 Qh5 16. Qd1 Raa8 17. Nh4 Bxe2 18. Qxe2 Qxe2 19. Rxe2 g6 20. Ng2 Rfe8 21.
Ne1 a5 22. Nd3 Kg7 23. a3 h5 24. h4 Re7 25. Rc3 f6 26. Rec2 g5 27. hxg5 fxg5 28.
Kg2 Nf6 29. Nac5 Rf8 30. Rb3 Rff7 31. Ne5 Bxe5 32. dxe5 Ne4 33. f4 h4 34. Nxe4
dxe4 35. Rc4 Kg6 36. Rxe4 hxg3 37. Kxg3 gxf4+ 38. exf4 Kf5 39. Rd4 Rh7 40. Kg2
Rh4 41. Rf3 Reh7 42. Rf2 Rh1 43. Rd6 R7h2+ 44. Kg3 Rh3+ 45. Kg2 R3h2+ 46. Kg3
Rh3+ 47. Kg2 R1h2+ 48. Kg1 1/2-1/2

[Event "World Rapid 2019"]
[Site "Moscow RUS"]
[Date "2019.12.26"]
[Round "1.75"]
[White "Gareyev, Timur"]
[Black "Kazakouski, Valery"]
[Result "0-1"]
[WhiteTitle "GM"]
[BlackTitle "IM"]
[WhiteElo "2598"]
[BlackElo "2485"]
[WhiteFideId "14200937"]
[BlackFideId "13507443"]
[EventDate "2019.12.26"]
[EventType "rapid"]

1. Nf3 Nf6 2. c4 e6 3. Nc3 d5 4. e3 Bd6 5. b3 b6 6. cxd5 exd5 7. Nb5 Bc5 8. Bb2
Nbd7 9. Qc2 a6 10. Nbd4 Bb7 11. Bd3 g6 12. h4 Qe7 13. a3 h5 14. Ng5 Bxd4 15.
Bxd4 c5 16. Bb2 Rg8 17. Be2 Ng4 18. f3 Nh6 19. O-O-O O-O-O 20. Kb1 Kb8 21. f4 f6
22. Nf3 Nf5 23. Bd3 Ng3 24. Rhe1 Ne4 25. Bf1 Ng3 26. Bd3 Ne4 27. Rc1 Rc8 28. Ka1
Ka7 29. Be2 Rge8 30. Bf1 Qf7 31. Qd1 Re7 32. a4 a5 33. Bb5 Nd6 34. Bf1 Ne4 35.
Ba3 Ree8 36. Bb2 Red8 37. Rc2 Nb8 38. d4 c4 39. bxc4 dxc4 40. Qc1 c3 41. Ba3 Qb3
42. Bb5 Na6 43. Be7 Nb4 44. Bxb4 axb4 45. Qb1 Bd5 46. Rec1 Qa3+ 47. Ra2 Bxa2 48.
Qxa2 Qxc1+ 0-1

[Event "World Rapid 2019"]
[Site "Moscow RUS"]
[Date "2019.12.26"]
[Round "1.77"]
[White "Alekseev, Evgeny"]
[Black "Sadhwani, Raunak"]
[Result "1-0"]
[WhiteTitle "GM"]
[BlackTitle "IM"]
[WhiteElo "2620"]
[BlackElo "2507"]
[WhiteFideId "4138147"]
[BlackFideId "35093487"]
[EventDate "2019.12.26"]
[EventType "rapid"]

1. e4 e5 2. Nf3 Nc6 3. Bc4 Nf6 4. d3 Bc5 5. O-O d6 6. c3 O-O 7. Bb3 h6 8. Be3
Bb6 9. Nbd2 Be6 10. Bc2 d5 11. Re1 dxe4 12. dxe4 Qe7 13. Ba4 Nd7 14. Qe2 Bxe3
15. Qxe3 Ncb8 16. Bc2 a5 17. Red1 a4 18. b4 axb3 19. axb3 Nc6 20. b4 f6 21. Nh4
Qf7 22. Nf5 Nb6 23. Qe2 Kh7 24. Ne3 Rfd8 25. Nd5 Kh8 26. Nxb6 cxb6 27. Nf1 Bc4
28. Qe1 Bxf1 29. Qxf1 Rxa1 30. Rxd8+ Nxd8 31. Qxa1 Qc7 32. Bb3 Kh7 33. h4 h5 34.
Qd1 Kh6 35. Qd2+ Kh7 36. g3 Nf7 37. Qe2 g6 38. Qb5 Kg7 39. Qe8 Nh6 40. Bd5 Nf7
41. c4 Nh6 42. Kf1 Qd6 43. b5 f5 44. exf5 Nxf5 45. Qg8+ Kf6 46. Qf7# 1-0

[Event "World Rapid 2019"]
[Site "Moscow RUS"]
[Date "2019.12.26"]
[Round "1.78"]
[White "Tissir, Mohamed"]
[Black "Grigoriants, Sergey"]
[Result "1/2-1/2"]
[WhiteTitle "IM"]
[BlackTitle "GM"]
[WhiteElo "2379"]
[BlackElo "2542"]
[WhiteFideId "9000240"]
[BlackFideId "4130804"]
[EventDate "2019.12.26"]
[EventType "rapid"]

1. e4 c6 2. d4 d5 3. Nc3 dxe4 4. Nxe4 Bf5 5. Ng3 Bg6 6. Nf3 e6 7. Bd3 Nf6 8. O-O
Nbd7 9. Re1 Be7 10. b3 O-O 11. Bb2 a5 12. a3 b5 13. Qe2 Bxd3 14. Qxd3 Re8 15.
Rad1 b4 16. a4 Nd5 17. Ne4 Qc7 18. g3 Rad8 19. Neg5 Bxg5 20. Nxg5 N7f6 21. Nf3
Ne7 22. Qc4 Rd5 23. Ne5 Red8 24. Rd3 Nd7 25. Nxd7 R5xd7 26. Red1 h6 27. R3d2 Qb6
28. Qe2 Nf5 29. Qe4 Rd5 30. Rd3 Qc7 31. Kg2 Qd7 32. R1d2 Qb7 33. Kg1 Qa6 34. Kg2
Nd6 35. Qf3 Qa7 36. Kg1 Qe7 37. Rd1 Rf5 38. Qe2 Qd7 39. R1d2 Rd5 40. Qf3 Ne8 41.
Qe2 Nf6 42. Qf3 Rf5 43. Qe2 Nd5 44. Rf3 Rxf3 45. Qxf3 Ne7 46. Rd3 Qd5 47. Qe2
Nf5 48. Qe1 h5 49. h4 Nh6 50. Qe3 Qf5 51. Qf3 Qxf3 52. Rxf3 Nf5 53. Rd3 f6 54.
Kg2 Kf7 55. Kf3 Ne7 56. Ke4 Nd5 57. Rd2 Ke7 58. Rd3 Kd6 59. Rd2 g5 60. hxg5 fxg5
61. Rd1 Rf8 62. Rf1 h4 63. gxh4 Rf4+ 64. Kd3 gxh4 65. Bc1 Rf3+ 66. Ke2 Rc3 67.
Kd2 Rh3 68. Ke2 Nc3+ 69. Ke1 Rf3 70. Be3 Nd5 71. Bg5 h3 72. Rh1 Ne7 73. Ke2 Rc3
74. Kd2 Nf5 75. Be3 Kd5 76. Rxh3 Nxd4 77. Rh5+ e5 78. Bxd4 Kxd4 79. Rh4+ e4 80.
Rh6 Rf3 81. Ke2 c5 82. Rh5 Rf6 83. Rg5 Rh6 84. Rf5 Rh2 85. Kd1 Rg2 86. Ke2 Rh2
87. Kd1 c4 88. bxc4 Kc3 89. c5 Rh1+ 90. Ke2 Rc1 91. c6 Rxc2+ 92. Ke3 Kb2 93.
Rxa5 Rxc6 94. Kxe4 b3 95. Rb5 Kc3 96. a5 b2 97. Rxb2 Kxb2 98. f4 Kc3 99. f5 Ra6
100. Kd5 Kd3 101. Ke5 Rxa5+ 102. Ke6 Ke4 103. f6 Ra6+ 104. Ke7 Ke5 105. f7 Ra7+
106. Ke8 Ke6 107. f8=N+ Kd6 108. Ng6 Rd7 109. Nf8 Rg7 110. Kd8 Re7 111. Ng6 Re6
112. Nf8 Re4 113. Nd7 Rh4 114. Nf8 Rg4 115. Ke8 Rg7 116. Kd8 Re7 117. Ng6 Rf7
118. Ke8 Ra7 119. Nf8 Rb7 120. Ng6 Rg7 121. Nf8 1/2-1/2

[Event "World Rapid 2019"]
[Site "Moscow RUS"]
[Date "2019.12.26"]
[Round "1.79"]
[White "Zvjaginsev, Vadim"]
[Black "Gurvich, Vitaly"]
[Result "0-1"]
[WhiteTitle "GM"]
[BlackTitle "FM"]
[WhiteElo "2627"]
[BlackElo "2230"]
[WhiteFideId "4113403"]
[BlackFideId "24164852"]
[EventDate "2019.12.26"]
[EventType "rapid"]

1. Nf3 Nf6 2. c4 c5 3. Nc3 Nc6 4. e3 g6 5. d4 cxd4 6. exd4 d5 7. cxd5 Nxd5 8.
Qb3 Nxc3 9. Bc4 e6 10. bxc3 Bg7 11. Ba3 Bf8 12. Bb5 Bd7 13. Bxf8 Kxf8 14. a4 Kg7
15. O-O Rc8 16. Rfe1 Qc7 17. h4 a6 18. Bf1 Na5 19. Qb1 Qxc3 20. Re3 Qc7 21. d5
Rhe8 22. Qb2+ Kg8 23. h5 Qc2 24. Qb4 Qc5 25. Qh4 exd5 26. Ng5 Bf5 27. Nxh7 Rxe3
28. Nf6+ Kg7 29. h6+ Kh8 30. fxe3 Qxe3+ 31. Kh1 g5 32. Qh5 Bg6 33. Qg4 Rd8 34.
Qb4 Qe5 35. Qxa5 Qxf6 36. Rc1 Be4 37. Kg1 Qd4+ 38. Kh1 Rd6 0-1